Electronic devices and circuits /

সংরক্ষণ করুন:
গ্রন্থ-পঞ্জীর বিবরন
প্রধান লেখক: J.Cathey Jimmie
অন্যান্য লেখক: T.Smith William
বিন্যাস: গ্রন্থ
ভাষা:Vietnamese
প্রকাশিত: New York : McGraw-Hill , 2006
সংস্করন:In lần thứ 1
বিষয়গুলি:
ট্যাগগুলো: ট্যাগ যুক্ত করুন
কোনো ট্যাগ নেই, প্রথমজন হিসাবে ট্যাগ করুন!
Thư viện lưu trữ: Thư viện Trường CĐ Kỹ Thuật Cao Thắng
LEADER 00858nam a2200253 a 4500
001 TVCDKTCT5839
003 Thư viện trường Cao đẳng Kỹ thuật Cao Thắng
005 20170602143059.8
008 060814
980 \ \ |a Thư viện Trường CĐ Kỹ Thuật Cao Thắng 
024 |a RG_1 #1 eb0 i1 
020 # # |a 0-07-145532-9 
041 0 # |a vie 
082 # # |a 621.381 5 /   |b E200D-j 
100 1 # |a J.Cathey Jimmie 
245 0 0 |a Electronic devices and circuits /   |c J.Cathey Jimmie, T.Smith William 
250 # # |a In lần thứ 1 
260 # # |a New York :   |b McGraw-Hill ,   |c 2006 
300 # # |a 137tr. ;   |c 24cm 
650 # 4 |a Điện tử--Mạch điện--Dụng cụ điện tử 
700 0 # |a T.Smith William 
721 # # |a CNKT Điện 
721 # # |a CNKT Điện tử 
841 # # |b Kho Sách   |j 100018029, 100018191, 100018246